Discographie de SDM - Statistiques

Statistiques générales
  • Ce quiz a été pris 83 fois
  • Le résultat moyen est 22 sur 56
Statistiques - réponses
Hint Réponse % Correct
Liens du 100 Bolide allemand
84%
ALVALM ALVALM
82%
ALVALM Cartier Santos
76%
Liens du 100 Mr. Ocho
72%
ALVALM Pour elle
66%
ALVALM Merci
62%
ALVALM Metallica
62%
ALVALM Drago Malefoy
56%
ALVALM Affranchis
50%
OCHO Daddy
50%
OCHO #Malentouré
50%
OCHO Rihanna
50%
ALVALM Sequoia
50%
ALVALM Toka
50%
OCHO Intro
48%
ALVALM J'y pense
46%
ALVALM Plus rien
46%
OCHO Yakalelo
46%
OCHO Le bruit des applaudissements
44%
Liens du 100 Nous deux
44%
Liens du 100 Franklin Saint
42%
ALVALM Jeux d'échecs
42%
OCHO Passat
42%
Liens du 100 Ragnar
42%
Liens du 100 Redescends
42%
ALVALM Maintenant ça va
40%
OCHO Titulaires
40%
OCHO 92i
38%
ALVALM Dans la tête des gens
38%
Liens du 100 Fame
38%
Liens du 100 2sang43
36%
OCHO Keur Nwar
36%
OCHO Love
36%
OCHO Van Damme
36%
OCHO 100-OCHO
34%
OCHO Prince de la Calle
34%
Liens du 100 Sang40
34%
OCHO Cello
30%
Liens du 100 Nwar sur Nwar
30%
Liens du 100 Jacque*** Bag
28%
Liens du 100 Le temps
28%
OCHO Appelez les Pim-Pom
26%
Liens du 100 Cette année-là
22%
OCHO Invictus
22%
OCHO La vie de rêve
22%
Liens du 100 Dans le club
20%
Liens du 100 File de gauche
20%
OCHO La zone
20%
OCHO Rentrer
20%
Liens du 100 Si tu savais
20%
OCHO Game Over
18%
OCHO Radio
18%
OCHO Compte sur moi
16%
OCHO Droit de véto
16%
OCHO A l'affût
14%
OCHO Mot Final
12%
Aucun quiz correspondant
Distribution des résultats
% des personnes avec chaque résultat
Percentile par nombre de réponses
Votre historique - résultats
Vous n’avez pas pris ce quiz